L'Ajuntament de Barcelona a primers de segle : (1904-1909) : Albert Bastardas i Sampere primer alcalde popular / Alfred Pérez-Bastardas ; pròleg de J. A. González-Casanova (1904-1909) :
Descripción Física:
381 p., [8] làm. ; 25 cm
Colección:
Cultura catalana contemporània ; 10
Otros Autores:
González Casanova, J. A. (Josep Antoni), 1935-2021
MARC
| LEADER | 00000nam a2200000Ia 4500 | ||
|---|---|---|---|
| 001 | 1191 | ||
| 008 | 160829s1980 xx 000 0 cat d | ||
| 080 | |a H-1-72 | ||
| 100 | |a Pérez-Bastardas, Alfred |9 22864 | ||
| 245 | |a L'Ajuntament de Barcelona a primers de segle : |b (1904-1909) : |b Albert Bastardas i Sampere primer alcalde popular / Alfred Pérez-Bastardas ; pròleg de J. A. González-Casanova | ||
| 260 | |a Barcelona : |b Edicions 62, |c 1980 | ||
| 300 | |a 381 p., [8] làm. ; |c 25 cm | ||
| 490 | |a Cultura catalana contemporània ; 10 | ||
| 650 | |a Bastardas i Sampere, Albert |9 22865 | ||
| 650 | |a Barcelona. Ajuntament |x Història |x 1904/1909 |9 22866 | ||
| 700 | 1 | |a González Casanova, J. A. |q (Josep Antoni), |d 1935-2021 |e autor del pròleg |9 27886 | |
| 901 | |a Arxiu | ||
| 942 | |n 1 |2 udc | ||
| 952 | |0 0 |1 0 |4 0 |6 H172 |7 1 |9 42362 |a Arxiu |b Arxiu |d 2016-12-01 |l 0 |o H-1-72 |p 1191 |r 2016-12-01 00:00:00 |w 2016-12-01 |y ARXIU | ||
| 999 | |c 44840 |d 44840 | ||